000 00924nam a2200301 i 4500
003 EG-GICUC
005 20260228071518.0
008 260228s1984 ru ||||fr|||| 000 0 eng d
040 _aEG-GiCUC
_beng
_cEG-GiCUC
_dEG-GiCUC
_erda
041 0 _aeng
082 0 4 _221
_a341.63073
_bUS
092 0 4 _221
099 _aLaw1 11 341.63073 US 1984
245 0 0 _aUSA :
_b Anatom of the Arms Race /
_cEdited By I. Usachev.
264 1 _aMoscow :
_bProgress Publishers,
_c1984.
300 _a197pages,
_c22 cm
_billustrations,
336 _2rda content
_atext
337 _2rda media
_aComputer
338 _2rda carrier
_aOnline Resource
504 _aBibliography: pages 200-250.
546 _aText in English
650 1 4 _aPublic international law
_2qrmak
651 1 _2qrmak
700 1 _aUsachev, I
_eAuthor.
856 4 0 _uhttps://fll.law.cu.edu.eg/fulltext/bks/B11-08399.pdf
905 _a48
942 _2ddc
_cBK
_e21
_n0
999 _c64318
_d64318